Wszystkie miasta poniżej 10k mieszkańców w warmińsko-mazurskim - Statystyki

Ogólne statystyki
  • Ten quiz został rozwiązany 19 razy
  • Średni wynik to 12 z 20
Statystyki odpowiedzi
Powiat Miasto % Poprawnych
olsztyński Olsztynek
78%
olsztyński Barczewo
67%
mrągowski Mikołajki
67%
braniewski Frombork
61%
olsztyński Jeziorany
61%
działdowski Lidzbark
61%
lidzbarski Orneta
61%
piski Orzysz
61%
szczycieński Pasym
61%
kętrzynski Reszel
61%
piski Ruciane-Nida
61%
giżycki Ryn
61%
bartoszycki Sępopol
61%
piski Biała Piska
56%
braniewski Pieniężno
56%
szczycieński Wielbark
56%
bartoszycki Bisztynek
50%
bartoszycki Górowo Iławeckie
50%
kętrzyński Korsze
50%
elbląski Tolkmicko
50%
Nie znaleziono quizów pasujących do podanych kryteriów
Rozkład punktacji
Procent ludzi z każdym wynikiem
Percentyl według liczby udzielonych odpowiedzi
Twoja historia wyników
Nie rozwiązałeś tego quizu